Szakszervezeti Közlöny. - 9.évf. (1948) 2. sz.
Elmentve itt :
| Dokumentumtípus: | Folyóirat |
|---|---|
| Megjelent: |
1948
|
| Sorozat: | Szakszervezeti Közlöny
9 No. 2 |
| Online Access: | http://misc.bibl.u-szeged.hu/56541 |
| LEADER | 00477nas a2200133 i 4500 | ||
|---|---|---|---|
| 001 | misc56541 | ||
| 005 | 20200602135437.0 | ||
| 008 | 200602s1948 hu o 0|| zxx d | ||
| 040 | |a SZTE Miscellanea Repozitórium |b hun | ||
| 041 | |a zxx | ||
| 245 | 0 | 0 | |a Szakszervezeti Közlöny. - 9.évf. (1948) 2. sz. |h [elektronikus dokumentum] |
| 260 | |c 1948 | ||
| 490 | 0 | |a Szakszervezeti Közlöny |v 9 No. 2 | |
| 856 | 4 | 0 | |u http://misc.bibl.u-szeged.hu/56541/1/szakszervezeti_kozlony_1948_002.pdf |z Dokumentum-elérés |